<?xml version="1.0" encoding="UTF-8"?>
<record
    xmlns:xsi="http://www.w3.org/2001/XMLSchema-instance"
    xsi:schemaLocation="http://www.loc.gov/MARC21/slim http://www.loc.gov/standards/marcxml/schema/MARC21slim.xsd"
    xmlns="http://www.loc.gov/MARC21/slim">

  <leader>00320nam a22001217a 4500</leader>
  <controlfield tag="003">SGT</controlfield>
  <datafield tag="082" ind1=" " ind2=" ">
    <subfield code="a">370</subfield>
    <subfield code="b">ARA</subfield>
  </datafield>
  <datafield tag="100" ind1=" " ind2=" ">
    <subfield code="a">&#x906;&#x930;&#x94D;&#x92F;, &#x936;&#x94D;&#x930;&#x940; &#x938;&#x924;&#x92A;&#x93E;&#x932;</subfield>
  </datafield>
  <datafield tag="245" ind1=" " ind2=" ">
    <subfield code="a">&#x915;&#x93E;&#x930;&#x94D;&#x92F;&#x93E;&#x924;&#x94D;&#x92E;&#x915; &#x915;&#x94C;&#x936;&#x932; &#x936;&#x93F;&#x915;&#x94D;&#x937;&#x923; </subfield>
  </datafield>
  <datafield tag="260" ind1=" " ind2=" ">
    <subfield code="a">DELHI</subfield>
    <subfield code="b">SR PUB. </subfield>
    <subfield code="c">2014</subfield>
  </datafield>
  <datafield tag="300" ind1=" " ind2=" ">
    <subfield code="a">108</subfield>
  </datafield>
  <datafield tag="942" ind1=" " ind2=" ">
    <subfield code="2">ddc</subfield>
    <subfield code="c">BK</subfield>
    <subfield code="0">1</subfield>
  </datafield>
  <datafield tag="952" ind1=" " ind2=" ">
    <subfield code="0">0</subfield>
    <subfield code="1">0</subfield>
    <subfield code="2">ddc</subfield>
    <subfield code="4">0</subfield>
    <subfield code="7">0</subfield>
    <subfield code="8">FE</subfield>
    <subfield code="a">FE</subfield>
    <subfield code="b">FE</subfield>
    <subfield code="d">2019-04-16</subfield>
    <subfield code="e">SRP</subfield>
    <subfield code="i">SGTU</subfield>
    <subfield code="o">370 ARA</subfield>
    <subfield code="p">ED3571</subfield>
    <subfield code="r">2019-04-16 00:00:00</subfield>
    <subfield code="w">2019-04-16</subfield>
    <subfield code="y">BK</subfield>
  </datafield>
  <datafield tag="952" ind1=" " ind2=" ">
    <subfield code="0">0</subfield>
    <subfield code="1">0</subfield>
    <subfield code="2">ddc</subfield>
    <subfield code="4">0</subfield>
    <subfield code="7">0</subfield>
    <subfield code="8">FE</subfield>
    <subfield code="a">FE</subfield>
    <subfield code="b">FE</subfield>
    <subfield code="d">2019-04-16</subfield>
    <subfield code="e">SRP</subfield>
    <subfield code="i">SGTU</subfield>
    <subfield code="o">370 ARA</subfield>
    <subfield code="p">ED3572</subfield>
    <subfield code="r">2019-04-16 00:00:00</subfield>
    <subfield code="w">2019-04-16</subfield>
    <subfield code="y">BK</subfield>
  </datafield>
  <datafield tag="952" ind1=" " ind2=" ">
    <subfield code="0">0</subfield>
    <subfield code="1">0</subfield>
    <subfield code="2">ddc</subfield>
    <subfield code="4">0</subfield>
    <subfield code="7">0</subfield>
    <subfield code="8">FE</subfield>
    <subfield code="a">FE</subfield>
    <subfield code="b">FE</subfield>
    <subfield code="d">2019-04-16</subfield>
    <subfield code="e">SRP</subfield>
    <subfield code="i">SGTU</subfield>
    <subfield code="o">370 ARA</subfield>
    <subfield code="p">ED3573</subfield>
    <subfield code="r">2019-04-16 00:00:00</subfield>
    <subfield code="w">2019-04-16</subfield>
    <subfield code="y">BK</subfield>
  </datafield>
  <datafield tag="952" ind1=" " ind2=" ">
    <subfield code="0">0</subfield>
    <subfield code="1">0</subfield>
    <subfield code="2">ddc</subfield>
    <subfield code="4">0</subfield>
    <subfield code="7">0</subfield>
    <subfield code="8">FE</subfield>
    <subfield code="a">FE</subfield>
    <subfield code="b">FE</subfield>
    <subfield code="d">2019-04-16</subfield>
    <subfield code="e">SRP</subfield>
    <subfield code="i">SGTU</subfield>
    <subfield code="l">1</subfield>
    <subfield code="o">370 ARA</subfield>
    <subfield code="p">ED3574</subfield>
    <subfield code="r">2021-10-11 00:00:00</subfield>
    <subfield code="s">2021-10-09</subfield>
    <subfield code="w">2019-04-16</subfield>
    <subfield code="y">BK</subfield>
  </datafield>
  <datafield tag="952" ind1=" " ind2=" ">
    <subfield code="0">0</subfield>
    <subfield code="1">0</subfield>
    <subfield code="2">ddc</subfield>
    <subfield code="4">0</subfield>
    <subfield code="7">0</subfield>
    <subfield code="8">FE</subfield>
    <subfield code="a">FE</subfield>
    <subfield code="b">FE</subfield>
    <subfield code="d">2019-04-16</subfield>
    <subfield code="e">SRP</subfield>
    <subfield code="i">SGTU</subfield>
    <subfield code="o">370 ARA</subfield>
    <subfield code="p">ED3575</subfield>
    <subfield code="r">2019-04-16 00:00:00</subfield>
    <subfield code="w">2019-04-16</subfield>
    <subfield code="y">BK</subfield>
  </datafield>
  <datafield tag="999" ind1=" " ind2=" ">
    <subfield code="c">17572</subfield>
    <subfield code="d">17572</subfield>
  </datafield>
</record>
